000 00549 a2200181 4500
999 _c7023
_d7023
020 _a9788122414349
050 _aHD 2346.15 KUM 2003
100 _aKumar, S. Anil
_eauthor
245 _aEntrepreneurship development /
_cS. Anil Kumar , S.C. Poorima ...[et al]
264 _aNew Delhi :
_bNew Age International,
_c2003
300 _a283p.:
_bill.
500 _aNo index
650 _aMarket Survey
700 _aPoornima, S.C.
_eauthor
700 _aAbraham, Mini K.
_eauthor
700 _aJayashreee, K.
_eauthor
942 _2lcc
_cBK
_h2346.15
_iKUM
_kHD